000 00846nam a2200253 i 4500
001 000029278
003 DO-SdBNP
005 20241015142248.0
007 ta
008 110414s1998 dr 000 0 spa d
040 _aDO-SdBNP
_bspa
_cBNPHU
_erda
049 _aBNPD
082 4 _axxxx
_bH558n
_222
100 1 _aHernández, Ricardo,
_eautor
_4aut.
_956059
245 1 0 _aNotas sobre la participación haitiana en la Guerra Restauradora /
_cRicardo Hernández.
264 4 _aSanto Domingo :
_bEditora Universidad Regional, Instituto Tecnológico del Cibao Oriental (ITECO),
_c1998.
300 _a33 páginas ;
_c22 cm.
336 _atexto
_btxt
_2rdacontent
337 _asin mediación
_bn
_2rdamedia
338 _avolumen
_bnc
_2rdacarrier
504 _aBibliográficas : páginas 31-32
590 _aInventariado, 2024/BT
942 _2ddc
_cLF2
999 _c28770
_d28770